| 000 | 00840 a2200253 4500 | ||
|---|---|---|---|
| 005 | 20260417084848.0 | ||
| 008 | 260417b |||||||| |||| 00| 0 eng d | ||
| 020 | _a9781800414792 | ||
| 040 |
_aLC _cUNZA _eRDA |
||
| 050 |
_aPE 1128 _bBOR 2024. |
||
| 245 |
_aBorn - Digital Texts in The English Language Classroom / _cedited by Saskia Kersten and Christian Ludwig. |
||
| 260 |
_bMultilingual Matters : _c2024. _aLondon, |
||
| 300 |
_avii, 284 pages : _billustrations. |
||
| 336 | _aText | ||
| 337 | _aUnmediated | ||
| 338 | _aVolume | ||
| 504 | _aIncludes bibliographical references and index. | ||
| 650 |
_aEnglish language _xStudy and teaching--Foreign speakers |
||
| 650 | _aDigital media | ||
| 650 | _aHypertext literature | ||
| 700 |
_a Kersten, Saskia _e editor. |
||
| 700 |
_aLudwig, Christian _eeditor. |
||
| 942 | _cBOOK | ||
| 999 |
_c216518 _d216518 |
||